Guess Countries on the Target #5 - Statistics

General Stats
  • This quiz has been taken 54 times
  • The average score is 57 of 131
Answers on the Map
Answers color-coded by a green-red scale on the quiz's map according to % correct below.
 
Answer Stats
Country % Correct
United States
97%
Canada
91%
Brazil
86%
Mexico
83%
Russia
83%
United Kingdom
83%
Democratic Republic of the Congo
80%
China
77%
France
77%
Australia
74%
South Africa
71%
Algeria
69%
Germany
69%
India
69%
Kazakhstan
69%
Republic of the Congo
66%
Spain
63%
Sudan
63%
Chad
60%
Egypt
60%
Italy
60%
Morocco
60%
Angola
57%
Libya
57%
Mali
57%
Niger
57%
Argentina
54%
Denmark
54%
Finland
54%
Iran
54%
Kenya
54%
Chile
51%
Japan
51%
Mongolia
51%
Nigeria
51%
Panama
51%
Sweden
51%
Ukraine
51%
Colombia
49%
Ethiopia
49%
Namibia
49%
Norway
49%
Saudi Arabia
49%
Turkey
49%
Uzbekistan
49%
Central African Republic
46%
Ghana
46%
Indonesia
46%
Iraq
46%
Mauritania
46%
Venezuela
46%
Afghanistan
43%
Bolivia
43%
Haiti
43%
Iceland
43%
Pakistan
43%
Paraguay
43%
Peru
43%
Philippines
43%
Poland
43%
South Sudan
43%
Vietnam
43%
Zambia
43%
Botswana
40%
Cuba
40%
Israel
40%
Nepal
40%
Oman
40%
Somalia
40%
Uganda
40%
Uruguay
40%
Zimbabwe
40%
Bahamas
37%
Fiji
37%
Greece
37%
Laos
37%
Madagascar
37%
Malaysia
37%
Mozambique
37%
Senegal
37%
South Korea
37%
Switzerland
37%
Tajikistan
37%
Tanzania
37%
Togo
37%
Albania
34%
Guinea
34%
Honduras
34%
Kyrgyzstan
34%
Malawi
34%
North Korea
34%
Thailand
34%
Turkmenistan
34%
United Arab Emirates
34%
Belarus
31%
Gambia
31%
Hungary
31%
Ivory Coast
31%
Kuwait
31%
Lebanon
31%
Lithuania
31%
Maldives
31%
Slovakia
31%
Syria
31%
Cameroon
29%
Federated States of Micronesia
29%
Gabon
29%
Kiribati
29%
Malta
29%
Papua New Guinea
29%
Antigua and Barbuda
26%
Azerbaijan
26%
Bosnia and Herzegovina
26%
Croatia
26%
Czech Republic
26%
Djibouti
26%
Marshall Islands
26%
Myanmar
26%
Nicaragua
26%
Palau
26%
Sri Lanka
26%
Tuvalu
26%
Vanuatu
26%
Comoros
23%
Luxembourg
23%
Nauru
23%
North Macedonia
23%
Solomon Islands
23%
Tonga
23%
Montenegro
20%
Moldova
17%
No matching quizzes found
Score Distribution
Percent of People with Each Score
Percentile by Number Answered
Your Score History
You have not taken this quiz